| 000 | 00579cam a22001457a 4500 | ||
|---|---|---|---|
| 008 | 180718b1998 xxu||||| |||| 00| 0 eng d | ||
| 082 | _aA81x54 91/01A | ||
| 100 | _aCensus of India 1991 | ||
| 245 | _aAgeing population of India: an analysis of the 1991 census data | ||
| 260 |
_aDelhi _bThe Controller of Publications _c1998 |
||
| 300 | _a441+p. | ||
| 440 | _aCensus of India 1991. Series-1, India | ||
| 500 | _aA study report in the analytical study report series based on the the 1991 census data brought out by the Registrar General, India | ||
| 650 | _aAging - Census - India | ||
| 999 |
_c486105 _d486105 |
||